|
|
|
|
| LEADER |
00000nam a2200000 a 4500 |
| 001 |
vtls001218757 |
| 003 |
SK-MaSNL |
| 005 |
20260301063728.0 |
| 008 |
240318s1995 RO 0 rum |
| 020 |
|
|
|a 9739086276
|c [15,00]
|
| 035 |
|
|
|a SNK000162563
|
| 040 |
|
|
|a SNK
|b slo
|c SNK
|e AACR2
|
| 044 |
|
|
|a RO
|
| 080 |
|
|
|a 1(498)(091) Blaga, L.
|2 1981
|
| 100 |
1 |
|
|a Drimba, Ovidiu
|4 aut
|9 377730
|
| 245 |
1 |
0 |
|a Filosofia lui Blaga
|b [Centenar]
|c Ovidiu Drimba
|
| 260 |
|
|
|a Bucureşti
|b Excelsior-Multi Press
|c 1995
|
| 300 |
|
|
|a 173 s.
|c 20 cm
|
| 600 |
1 |
|
|a Blaga, Lucian
|d 1859-1961
|x filozofia
|x štúdie
|2 SNK
|9 379986
|
| 919 |
|
|
|a 973-9086-27-6
|
| 999 |
|
|
|c 624809
|d 626739
|
| 952 |
|
|
|t P60, <04>, [BOOK], {604}
|a SNK
|b SNK
|y VYP
|7 0
|p 17A0008911
|o snkID 95883
|i snkV 1554/96
|0 0
|1 0
|4 0
|d 1996-08-26
|l 0
|r 2005-01-01 00:00:00
|w 2026-02-23
|